Pays d'Amérique du Sud à placer - Statistiques

Statistiques générales
  • Ce quiz a été pris 11 983 fois
  • Le résultat moyen est 9 sur 12
Réponses sur la Carte
Les réponses sont colorées sur une échelle allant du rouge au vert en fonction du pourcentage des utilisateurs qui les ont devinées à leur premier essai. Vous pouvez retrouver ces pourcentages ci-dessous.
 
Statistiques - réponses
Réponse % Correct
Brésil
94%
Argentine
90%
Chili
90%
Pérou
76%
Colombie
75%
Équateur
75%
Uruguay
73%
Bolivie
71%
Paraguay
71%
Guyana
69%
Venezuela
69%
Suriname
62%
Aucun quiz correspondant
Distribution des résultats
% des personnes avec chaque résultat
Percentile par nombre de réponses
Votre historique - résultats
Vous n’avez pas pris ce quiz